EKOLOGIZÁCIA OSVETĽOVACÍCH SÚSTAV

Bibliographic Details
Main Authors: Krupa, Marek (Author), Králiková, Ružena, 1956- (Author)
Format: Article
Language:Slovak
ISBN:9788089281183

MARC

LEADER 00000naa a2200000uu 4500
001 vtls010962727
003 SK-MaSNL
005 20260302121310.0
008 210909|2007 xo |||||||||||||||||slo|
015 |a SNBRA 
035 |a (urnnbn)urn:nbn:sk:snk:ar-a0bt6f 
035 |a (uuid)9b4641ae-0e34-4387-a771-bc709569c450 
035 |a urn:nbn:sk:snk-aaukrv 
040 |a SNKBUCL  |b slo  |c SNKBUCL  |e AACR2 
041 0 |a slo 
044 |a xo  |c SK 
100 1 |a Krupa, Marek  |4 aut  |9 645567 
245 1 0 |a EKOLOGIZÁCIA OSVETĽOVACÍCH SÚSTAV  |c Marek Krupa, Ružena Králiková 
246 3 |a ECOLOGIZATION OF LIGHTNING SYSTEMS 
700 1 |a Králiková, Ružena,  |d 1956-  |4 aut  |9 204771 
773 0 |t Manažérstvo životného prostredia 2007  |d Žilina : STRIX, 2007  |g S. 308-312  |z 9788089281183 
958 |a OND 
958 |a article11 
958 |a chapter 
999 |c 1273449  |d 1275379